| 000 | 00414nam a2200157Ia 4500 | ||
|---|---|---|---|
| 008 | 230312s9999||||xx |||||||||||||| ||und|| | ||
| 020 | _a81-203-1929-5 | ||
| 082 |
_a658 _bBOS-P |
||
| 100 | _aBose,D.Chandra | ||
| 245 | 0 | _aPrinciples of Management and Administration | |
| 260 |
_bPrentice Hall _aIndia _c2002 |
||
| 300 | _a582 | ||
| 546 | _aEng. | ||
| 650 |
_aManagement _vMnagement and Administration |
||
| 942 | _cBK | ||
| 999 |
_c6506 _d6506 |
||